| 000 | 00775nam a2200253 a 4500 | ||
|---|---|---|---|
| 001 | C01493300c-3 | ||
| 003 | CO-ViMGA | ||
| 005 | 20230915233555.0 | ||
| 008 | 150924s2010 sp gr 00010 spa d | ||
| 020 | _a9789588787619 | ||
| 040 |
_aCO-ViMGA _bspa _cCO-ViMGA |
||
| 082 | 0 | 4 |
_a158.1 _bA56r _221 |
| 100 | 1 |
_aAlonso Puig, Mario. _911825 |
|
| 245 | 1 | 0 |
_aReinventarse : _btu segunda oportunidad / _cMario Alonso Puig. |
| 250 | _a25 edición. | ||
| 260 |
_aBarcelona : _bPlataforma Editorial, _c2010. |
||
| 300 |
_a185 páginas ; _c22 cm. |
||
| 650 | 1 | 4 |
_aAutorrealización (Psicología) _91814 |
| 650 | 1 | 4 |
_aPerdón. _911826 |
| 650 | 1 | 4 |
_aPsicología aplicada. _9431 |
| 650 | 1 | 4 |
_aPsicología individual. _911816 |
| 650 | 1 | 4 |
_aSalud mental. _911827 |
| 942 |
_2ddc _cBK |
||
| 999 |
_c36943 _d36943 |
||